The grey wolf / (Record no. 9380)

MARC details
000 -LEADER
fixed length control field 01011nam a22002897a 4500
001 - CONTROL NUMBER
control field 9380
003 - CONTROL NUMBER IDENTIFIER
control field FISKH
005 - DATE AND TIME OF LATEST TRANSACTION
control field 20260130135200.0
008 - FIXED-LENGTH DATA ELEMENTS--GENERAL INFORMATION
fixed length control field 251216b cb ||||| |||| 00| 0 eng d
020 ## - INTERNATIONAL STANDARD BOOK NUMBER
International Standard Book Number 9780462001319
040 ## - CATALOGING SOURCE
Original cataloging agency FISKH
Language of cataloging eng
Transcribing agency FISKH
Modifying agency FISKH
050 ## - LIBRARY OF CONGRESS CALL NUMBER
Classification number PZ7
082 ## - DEWEY DECIMAL CLASSIFICATION NUMBER
Classification number 599.773
100 ## - MAIN ENTRY--PERSONAL NAME
Personal name Ward, Nicole
Relator term Author
245 ## - TITLE STATEMENT
Title The grey wolf /
Statement of responsibility, etc. Written by Nicole Ward
260 ## - PUBLICATION, DISTRIBUTION, ETC.
Place of publication, distribution, etc. Singapore :
Name of publisher, distributor, etc. Marshall Cavendish International ,
Date of publication, distribution, etc. 2008
300 ## - PHYSICAL DESCRIPTION
Extent 16 pages :
Other physical details photographs ;
Dimensions 19 cm
490 ## - SERIES STATEMENT
Series statement My pals are here! :
Volume/sequential designation 16e
505 ## - FORMATTED CONTENTS NOTE
Formatted contents note G<br/>
520 ## - SUMMARY, ETC.
Summary, etc. A scary movie set in the woods would not be the same without a howling wolf. It's a noise that can make you shiver with fear. But what do you know about wolves? Let's find out about the biggest of all the wolves. Let's learn about the grey wolf.
521 8# - TARGET AUDIENCE NOTE
Target audience note 400<br/>
Source Lexile estimate<br/>
521 8# - TARGET AUDIENCE NOTE
Target audience note G<br/>
Source Raz-Plus<br/>
650 ## - SUBJECT ADDED ENTRY--TOPICAL TERM
Topical term or geographic name entry element Facts
Form subdivision Wolves
650 ## - SUBJECT ADDED ENTRY--TOPICAL TERM
Topical term or geographic name entry element Biggest wolf
Form subdivision Grey wolf
942 ## - ADDED ENTRY ELEMENTS (KOHA)
Source of classification or shelving scheme Dewey Decimal Classification
Koha item type Books
Suppress in OPAC No
Holdings
Withdrawn status Lost status Source of classification or shelving scheme Damaged status Not for loan Collection Home library Current library Shelving location Date acquired Total Checkouts Full call number Barcode Date last seen Copy number Price effective from Koha item type
    Dewey Decimal Classification     Non-Fiction Footprints International School Library Network Toul Tom Poung Campus Footprints International School Library Network Toul Tom Poung Campus TTP Primary Dark Blue Bookshelves 12/16/2025   WAR 599.773 PZ7 2025-5128 12/16/2025 1 12/16/2025 Books
    Dewey Decimal Classification     Non-Fiction Footprints International School Library Network Toul Tom Poung Campus Footprints International School Library Network Toul Tom Poung Campus TTP Primary Dark Blue Bookshelves 01/28/2026   WAR 599.773 PZ7 2026-0190 01/28/2026 2 01/28/2026 Books
    Dewey Decimal Classification     Non-Fiction Footprints International School Library Network Toul Tom Poung Campus Footprints International School Library Network Toul Tom Poung Campus TTP Primary Dark Blue Bookshelves 01/30/2026   WAR 599.773 PZ7 2026-0232 01/30/2026 3 01/30/2026 Books